Statistics for US States on the Appalachian Trail (in Order)

Click here to take the quiz!

General Stats

  • This quiz has been taken 101 times
  • The average score is 12 of 14

Answer Stats

MileageState% Correct
76Georgia
99%
288Tennessee
95%
550Virginia
95%
4West Virginia
94%
96North Carolina
92%
41Maryland
90%
230Pennsylvania
90%
88New York
87%
72New Jersey
86%
52Connecticut
84%
90Massachusetts
82%
150Vermont
82%
161New Hampshire
81%
281Maine
80%

Score Distribution

Percentile by Number Answered

Percent of People with Each Score

Your Score History

You have not taken this quiz